লোডিং...

Textbook on plant genetic resources conservation

গ্রন্থ-পঞ্জীর বিবরন
প্রধান লেখক: Usha Kumari, R
অন্যান্য লেখক: Gowthami, R
বিন্যাস: Printed Book
প্রকাশিত: New Delhi Kalyani Publishers 2015
বিষয়গুলি:
LEADER 00771nam a22002417a 4500
003 OSt
020 |a 9789327250978 
082 |a 631.52  |b USH/TE 
100 |a Usha Kumari, R 
245 |a Textbook on plant genetic resources conservation 
260 |a New Delhi  |b Kalyani Publishers  |c 2015 
300 |a 291p. 
546 |a English 
650 |a Biodiversity 
650 |a Plant domestication 
650 |a Genetic erosion 
650 |a Genitic diversity of crop plants 
650 |a Germplasm conservation 
650 |a Germplasm utilization 
700 |a Gowthami, R 
942 |2 ddc  |c BK 
999 |c 156804  |d 156804 
952 |0 0  |1 0  |2 ddc  |4 0  |6 631_520000000000000_USHTE  |7 0  |8 Gen  |9 156030  |a KAUCLV  |b KAUCLV  |c GENERAL  |d 2017-07-20  |g 240.00  |o 631.52 USH/TE  |p 226818  |r 2017-07-20  |w 2017-07-20  |y BK